Опытно-экспериментальная деятельность учреждений как фактор развития региональной системы образования (Запись № 380381)

Подробности
000 -МАРКЕР
контрольное поле 02137nam0a2200337 4500
001 - ИДЕНТИФИКАТОР ЗАПИСИ
контрольное поле RU\NLR\bibl\1275398
005 - ИДЕНТИФИКАТОР ВЕРСИИ
контрольное поле 20260407190451.0
010 ## - МЕЖДУНАРОДНЫЙ СТАНДАРТНЫЙ НОМЕР КНИГИ (ISBN)
Номер (ISBN) 5-89982-187-6
Тираж 150
021 ## - НОМЕР ГОСУДАРСТВЕННОЙ РЕГИСТРАЦИИ
Код страны Российская Федерация
Номер 2008-57078
Номер Листа государственной регистраци 3176
035 ## - ДРУГИЕ СИСТЕМНЫЕ НОМЕРА
Идентификатор записи (NLR Aleph) 001261224
100 ## - ДАННЫЕ ОБЩЕЙ ОБРАБОТКИ
Данные общей обработки 20080919d2007 |||y0rusy50 ca
101 0# - ЯЗЫК РЕСУРСА
Язык текста, звукозаписи и т.д. русский
102 ## - СТРАНА ПУБЛИКАЦИИ ИЛИ ПРОИЗВОДСТВА
Страна публикации Российская Федерация
105 ## - ПОЛЕ КОДИРОВАННЫХ ДАННЫХ: ТЕКСТОВЫЕ МАТЕРИАЛЫ, МОНОГРАФИЧЕСКИЕ
Кодированные данные о монографическом текстовом документе y |||||||||
200 1# - ЗАГЛАВИЕ И СВЕДЕНИЯ ОБ ОТВЕТСТВЕННОСТИ
Основное заглавие Опытно-экспериментальная деятельность учреждений как фактор развития региональной системы образования
Сведения, относящиеся к заглавию тезисы докладов II Областной научно-практической конференции, Омск, 30 марта 2007 г.
Первые сведения об ответственности [ред. кол. Т.С. Горбунова, к.п.н. [и др.]
210 ## - ПУБЛИКАЦИЯ, РАСПРОСТРАНЕНИЕ И ДР.
Место издания, распространения и т.д. Омск
Имя издателя, распространителя и т. д. ИРООО
Дата издания, распространения и т.д. 2007
215 ## - ФИЗИЧЕСКАЯ ХАРАКТЕРИСТИКА
Специфическое обозначение материала и объем 215, [1] c.
Размеры 22
225 1# - СЕРИЯ
Основное заглавие серии Библиотека научно-практических конференций
300 ## - ОБЩИЕ ПРИМЕЧАНИЯ
Текст примечания В надзаг.: М-во образования Омск. обл., Гос. образоват. учреждение Омск. обл. доп. проф. образования "Ин-т развития образования Омск. обл."
606 1# - НАИМЕНОВАНИЕ ТЕМЫ КАК ПРЕДМЕТ
Наименование темы Инновации педагогические
Формальный подзаголовок Тезисы докладов
Географический подзаголовок Омская область
Системный номер авторитетной/нормативной записи 2530413
Идентификатор авторитетной/нормативной записи RU\NLR\auth\661498837
606 1# - НАИМЕНОВАНИЕ ТЕМЫ КАК ПРЕДМЕТ
Наименование темы Образование
Формальный подзаголовок Тезисы докладов
Тематический подзаголовок Интеграция
Географический подзаголовок Омская область
Системный номер авторитетной/нормативной записи 2530419
Идентификатор авторитетной/нормативной записи RU\NLR\auth\661498839
686 ## - ИНДЕКСЫ ДРУГИХ КЛАССИФИКАЦИЙ
Индекс Ч34(2Р-4Ом)я43
686 ## - ИНДЕКСЫ ДРУГИХ КЛАССИФИКАЦИЙ
Индекс Ч312я43
702 #1 - ИМЯ ЛИЦА - ВТОРИЧНАЯ ОТВЕТСТВЕННОСТЬ
Начальный элемент ввода Горбунова
Часть имени, кроме начального элемента ввода Т. С.
Расширение инициалов личного имени Татьяна Станиславовна
Код отношения Редактор
711 12 - НАИМЕНОВАНИЕ ОРГАНИЗАЦИИ - АЛЬТЕРНАТИВНАЯ ОТВЕТСТВЕННОСТЬ
Начальный элемент ввода "Опытно-экспериментальная деятельность как фактор развития региональной системы образования", областная научно-практическая конференция
Порядковый номер временной организации и / или порядковый номер ее части 2
Место проведения временной организации Омск
Дата проведения временной организации 2007
Системный номер авторитетной/нормативной записи 744262
Идентификатор авторитетной/нормативной записи RU\NLR\AUTH\8810123215
801 #0 - ИСТОЧНИК ЗАПИСИ
Страна Российская Федерация
Организация NLR
Дата составления 20080919
Правила каталогизации RCR
801 #1 - ИСТОЧНИК ЗАПИСИ
Страна Российская Федерация
Организация NLR
Дата составления 20080919
942 ## - ДОПОЛНИТЕЛЬНЫЕ ЭЛЕМЕНТЫ ЗАПИСИ (АБИС)
Тип экземпляра АБИС Книга
980 ## - КОЛЛЕКЦИЯ
Название коллекции Национальная библиография
Экземпляры
Тип экземпляра Дата поступления Источник поступления Библиотека постоянного хранения Библиотека текущего хранения Место хранения Шифр хранения Штрих-код Статус экземпляра
Книга 19.09.2008 Обязательный экземпляр РНБ (Московский) РНБ (Московский) Русский книжный фонд: издания с 1957 года 2008-5/8040 2757577  
Книга 19.09.2008 Обязательный экземпляр РНБ (Московский) РНБ (Московский) Русский книжный фонд: издания с 1957 года 2008-5/8040 2757578